000 00219nam a22000977a 4500
999 _c15783
_d15783
003 OSt
008 191019b ||||| |||| 00| 0 eng d
100 _a Pottekkat, S K.
_91693
245 _aOru theruvinte kadha
942 _cBK